[Event "Neumarkt am Wallersee op 14th"]
[Site "Neumarkt am Wallersee"]
[Date "2015.08.27"]
[Round "6"]
[White "Baier, Patrick"]
[Black "Woegerer, Gerald"]
[Result "1-0"]
[WhiteElo "1959"]
[BlackElo "1582"]
[PlyCount "63"]
[EventDate "2015.08.22"]
[EventType "swiss"]
[EventRounds "9"]
[EventCountry "AUT"]
[SourceTitle "EXT 2016"]
[Source "ChessBase"]
[SourceDate "2015.10.08"]
[SourceVersion "1"]
[SourceVersionDate "2015.10.08"]
[SourceQuality "1"]

1. e4 e5 2. Nf3 Nc6 3. Bc4 Nf6 4. Ng5 d5 5. exd5 Na5 6. Bb5+ Bd7 7. Qe2 Bd6 8. Bxd7+ Qxd7 9. c4 h6 10. Ne4 Nxe4 11. Qxe4 b6 12. Nc3 Nb7 13. d4 f5 14. Qe2 0-0 15. dxe5 Bxe5 16. 0-0 Rae8 17. Qc2 Nd6 18. b3 Qf7 19. Bb2 Qh5 20. h3 g5 21. Rae1 g4 22. Rxe5 Rxe5 23. Ne2 Re7 24. Nf4 Qf7 25. hxg4 fxg4 26. Ng6 Nf5 27. Nxe7+ Qxe7 28. Qc3 Qg7 29. Re1 Qxc3 30. Bxc3 Kf7 31. Re6 Re8 32. Rf6+ 1-0